| 000 | 00674 a2200205 4500 | ||
|---|---|---|---|
| 999 |
_c183274 _d183274 |
||
| 005 | 20211221164646.0 | ||
| 010 | _aENG-130477 | ||
| 020 |
_a978-93-89811-33-9 _c768.00 |
||
| 035 | _aEN-114009 | ||
| 037 | _bDBAD/PUB | ||
| 082 |
_a658.15 _b1 |
||
| 100 | _aTulsian, PC | ||
| 245 |
_aFianancial Management: _cPC Tulsian, Bharat Tulsian, Tushar Tulsain |
||
| 260 |
_aTamill Nadu _bMcGraw Hill Education Private Limited _c2021 |
||
| 270 |
_a444/1, Sri Ekambara Naicker Industrial Estate, Alapakkam, Porur _bChennai _e600116 |
||
| 300 |
_a960p. _c25cm (pbk) |
||
| 700 | _aTulsian, Bharat | ||
| 700 | _aTulsian, Tushar | ||
| 942 |
_adpl _cEN _2ddc _h658.15 _mTUL |
||